Cronilíricas (Record no. 10705)

MARC details
000 -LEADER
campo de control de longitud fija 00864nam a2200277 i 4500
001 - NÚMERO DE CONTROL
campo de control 10705
003 - IDENTIFICADOR DE NÚMERO DE CONTROL
campo de control ES-MaACL
005 - FECHA Y HORA DE LA ÚLTIMA TRANSACCIÓN
campo de control 20250514194845.0
007 - CAMPO FIJO DE DESCRIPCIÓN FÍSICA--INFORMACIÓN GENERAL
campo de control de longitud fija t|
008 - DATOS DE LONGITUD FIJA--INFORMACIÓN GENERAL
campo de control de longitud fija 930113s1991 sp ||||0| spa d
016 7# - NÚMERO DE CONTROL DE UNA AGENCIA BIBLIOGRÁFICA NACIONAL
Número de control cancelado/no válido CHM930014364
020 ## - NÚMERO INTERNACIONAL ESTÁNDAR DEL LIBRO
Número Internacional Estándar del Libro 8486351197
040 ## - FUENTE DE CATALOGACIÓN
Centro catalogador/agencia de origen CHM
Lengua de catalogación spa
Centro/agencia transcriptor CHM
080 ## - NÚMERO DE LA CLASIFICACIÓN DECIMAL UNIVERSAL
Número de la Clasificación Decimal Universal 860-94"19"
100 0# - ENTRADA PRINCIPAL--NOMBRE DE PERSONA
Nombre de persona Albornoz, Aurora de,
Fechas asociadas al nombre 1926-1990
9 (RLIN) 19411
245 10 - MENCIÓN DEL TÍTULO
Título Cronilíricas
Resto del título : (collage) /
Mención de responsabilidad, etc. Aurora de Albornoz ; prólogo de José Manuel Caballero Bonald.
250 ## - MENCION DE EDICION
Mención de edición [1ª ed.].
260 ## - PUBLICACIÓN, DISTRIBUCIÓN, ETC.
Lugar de publicación, distribución, etc. Madrid :
Nombre del editor, distribuidor, etc. Devenir,
Fecha de publicación, distribución, etc. 1991.
300 ## - DESCRIPCIÓN FÍSICA
Extensión 149 p. ;
Dimensiones 20 cm.
490 1# - MENCIÓN DE SERIE
Mención de serie Devenir. Serie Poesía ;
Designación de volumen o secuencia 39
700 1# - ENTRADA AGREGADA--NOMBRE PERSONAL
Nombre de persona Caballero Bonald, José Manuel,
Fechas asociadas al nombre 1926-2021
9 (RLIN) 226628
830 00 - PUNTO DE ACCESO ADICIONAL DE SERIE-TÍTULO UNIFORME
Título uniforme Devenir.
Nombre de parte o sección de la obra Serie Poesía ;
Designación de volumen o secuencia 39
9 (RLIN) 236243
852 ## - LOCALIZACIÓN
Ubicación ES-MaACL
Número de control de estantería P-1931 Nº 39
Sublocalización o colección R.122641
itemnumber 10998
942 ## - ELEMENTOS DE ENTRADA SECUNDARIOS (KOHA)
Fuente del sistema de clasificación o colocación Clasificación decimal universal
Holdings
Estatus retirado Estado de pérdida Fuente del sistema de clasificación o colocación Estado de daño No para préstamo Biblioteca de origen Biblioteca actual Ubicación en estantería Fecha de adquisición Total de préstamos Signatura topográfica completa Código de barras Visto por última vez Precio de reemplazo Tipo de ítem Koha
    Clasificación decimal universal     Biblioteca del Ateneo de Madrid Biblioteca del Ateneo de Madrid Depósito 2 17/01/2008   P-1931 N 39 1010919 23/02/2023 23/02/2023 Libro impreso